000 00994cam a2200265 4500
008 000000n2002 000 0 eng u
020 _a1853288918
035 _a(Sirsi) u118908
041 _aeng.
050 _a614.7026
_c18
100 _aHellawell, Trevor
245 _aEnvironmental law handbook
250 _a5th ed.
260 _aLondon
_bLaw Society
_c2002
300 _axx, 259p.
_c24cm.
350 _a34.95
520 _aAimed at non-environmental law students, this text looks at the ways in which environmental law affects everyday property, financial and business transactions. Covers the major liabilities, ways of maximising protection for clients, insurance against the main risks, and the use of environmental consultants.
520 _aSuperseded by 6th edition (ISBN 1853289787)
650 _aENVIRONMENT LAW
650 _aCONTAMINATED LAND
650 _aENVIRONMENTAL LIABILITIES
650 _aLAW
690 _aENVIRONMENT-ENVIRONMENTAL LAW
942 _n0
999 _c102193
_d102193